| 000 | 00736nam a2200229 a 4500 | ||
|---|---|---|---|
| 999 |
_c3734 _d3734 |
||
| 001 | 3734 | ||
| 003 | BD-JhCC | ||
| 005 | 20171118133858.0 | ||
| 008 | 171116s2006 bg a|||| ||a| 000 0 ben d | ||
| 020 | _a984415197X | ||
| 035 | _a(BD-JhCC)3734 | ||
| 040 |
_aBD-JhCC _dBD-JhCC |
||
| 041 | _aben | ||
| 082 |
_a891.4415 _bMAM 2006 |
||
| 100 | _aমামুন, হায়াৎ | ||
| 245 |
_aবও হাওয়া দেশান্তরী : _bবিদেশী কবিতার অনুবাদ-সংকলন / _cহায়াৎ মামুন |
||
| 260 |
_aঢাকা : _bঅবসর, _c2006. |
||
| 300 |
_a239 p. : _billu; _c21 cm. |
||
| 650 | _aAnthology of World Poetry | ||
| 942 |
_2ddc _cBK |
||